| 000 | 00325nam a22001337a 4500 | ||
|---|---|---|---|
| 082 |
_ap-330 _cD |
||
| 100 |
_aHasnain raza _947569 |
||
| 245 | _asoftware for cooling load calculation | ||
| 260 |
_aNust, MCE _bMCE _c26/5/2007 |
||
| 300 |
_aD _c40cm. |
||
| 526 |
_a0 _b0 _c0 _dP_330 |
||
| 650 |
_aProject _947570 |
||
| 942 |
_2ddc _cBK |
||
| 999 |
_c550774 _d550774 |
||